Panorama de la teología actual

Đã lưu trong:
Chi tiết về thư mục
Định dạng: Sách
Ngôn ngữ:Tiếng Tây Ban Nha
Được phát hành: Madrid Guadarrama 1961
Loạt:Panoramas, 6
Những chủ đề:
Các nhãn: Thêm thẻ
Không có thẻ, Là người đầu tiên thẻ bản ghi này!

MARC

LEADER 00000cam a2200000 a 4500
001 UCX5401
003 CL-VaPUC
008 921110e19610000SP |||||||||||||||||spa|d
082 0 4 |a 201  |b PAN  |2 21 
245 1 0 |a Panorama de la teología actual 
300 |a 807 p 
942 |c BK 
945 |d 19921110 00:00:00 
260 |a Madrid  |b Guadarrama  |c 1961 
650 0 |a Teología   |9 258766 
583 |a last modification  |c 20141009 11:13:01  |k Rodrigo Vera 
490 0 |a Panoramas, 6 
999 |c 225657  |d 225655 
952 |0 0  |1 0  |4 0  |6 201_000000000000000_PAN_1961  |7 0  |8 A  |9 223391  |a BIBTEO  |b BIBTEO  |d 2019-11-15  |i 2922126  |o 201 PAN 1961  |p 2922126  |r 2025-01-17  |w 2019-11-15  |y BK  |k ICR 
952 |0 0  |1 2  |3 erd  |4 0  |6 201_000000000000000_PAN_1961  |7 0  |8 A  |9 223393  |a BIBTEO  |b BIBTEO  |i 499972K  |o 201 PAN 1961  |p 499972K  |r 2019-11-15  |w 2019-11-15  |x Descarte 2019  |y BK  |z Catalogado en:20141009  |k ICR